Đi tìm một đường lối hữu hiệu sử dụng nhân viên [ của Chính phủ Việt Nam Cộng Hòa ]

Zapisane w:
Opis bibliograficzny
1. autor: Phan Đình Tịnh
Format: Książka
Język:Undetermined
Wydane: Sài Gòn Học viện Quốc Gia Hành Chánh 1969
Hasła przedmiotowe:
Etykiety: Dodaj etykietę
Nie ma etykietki, Dołącz pierwszą etykiete!
Thư viện lưu trữ: Trung tâm Học liệu Trường Đại học Cần Thơ
LEADER 00647nam a2200181Ia 4500
001 CTU_26347
008 210402s9999 xx 000 0 und d
082 |a 658.4 
082 |b T312 
100 |a Phan Đình Tịnh 
245 0 |a Đi tìm một đường lối hữu hiệu sử dụng nhân viên [ của Chính phủ Việt Nam Cộng Hòa ] 
245 0 |c Phan Đình Tịnh 
260 |a Sài Gòn 
260 |b Học viện Quốc Gia Hành Chánh 
260 |c 1969 
650 |a personnel management 
904 |i Nguyễn Quang Điền, 981013 
980 |a Trung tâm Học liệu Trường Đại học Cần Thơ